| 000 | 03065nam a22002417a 4500 | ||
|---|---|---|---|
| 003 | UA-OsUOA | ||
| 005 | 20210317161328.0 | ||
| 008 | 20180412b un ||||| |||| 00| 0 ukr d | ||
| 020 | _a9789662082173 | ||
| 040 |
_aUA-OsUOA _bukr _cUA-OsUOA _dUA-OsUOA |
||
| 041 | _aukr | ||
| 080 | _a82.09:929(477) | ||
| 090 |
_a82.09:929(477) _bС76 |
||
| 100 | _aСтадниченко В. | ||
| 245 |
_aУчитель життя. Сковорода як гасло часу _bнариси, дослідження, інтерв'ю, світлини _cВолодимир Стадниченко |
||
| 260 |
_aКиїв _bУспіх і кар'єра _c2016 |
||
| 300 |
_a560 с. _eкольор. іл. |
||
| 520 | _aДруга книга із три книжного проекту «Сковорода - 300», який вивершується у 2022 році 300-річчям від дня народження самобутнього європейського філософа, світового мораліста, улюбленика українського народу Григорія Савича Сковороди, набагато повніше розкриває образ мис ленника, доповнюючи його новими, несподіваними гранями. Насамперед, детальним розкриттям його концепції «філософії щастя», сміливим проникненням у таїну побудови Всесвіту, в першу чергу, поділом його на «видимий» і «невидимий» світи, що стало передвісником відкриття сучасною наукою невидимої, «темної енергії», яка є основною складовою зоряного світу. По-друге, книга дає вперше яскравий художній опис п’ятирічного перебування юнака Григорія в угорському Токаї, який став стартовим майданчиком для його знаттєлюбних мандрівок університетською Європою. І, нарешті, по-третє: в книзі простежується шлях Сковороди до істини, до Вищого розуму, його душевне спілкування з «Саду божественних пісень» з Христом, Людиною і Богом, його радісне очікування і формування нової, істинної людини («А ведь истинный человек и Бог есть тожде». – Ск.), що на сьогодні відповідає нашій меті побудувати суспільство на християнських засадах. | ||
| 650 | 7 |
_a82 Література. Літературознавство _2UDC |
|
| 942 |
_cBK _2udc |
||
| 955 | _a3 | ||
| 999 |
_c417767 _d417767 |
||